BIBLIOTECA

SENCICO

Técnicas de climatización / (Registro nro. 3795)

Detalles MARC
000 -LEADER
fixed length control field 00856nam a22002537a 4500
003 - CONTROL NUMBER IDENTIFIER
control field PE SENCICO BE
005 - DATE AND TIME OF LATEST TRANSACTION
control field 20251020182625.0
008 - FIXED-LENGTH DATA ELEMENTS--GENERAL INFORMATION
fixed length control field 230125b |||||||| |||| 00| 0 eng d
020 ## - INTERNATIONAL STANDARD BOOK NUMBER
International Standard Book Number 978-84-267-2263-8
040 ## - CATALOGING SOURCE
Original cataloging agency PE SENCICO BE
Transcribing agency PE SENCICO BE
041 ## - LANGUAGE CODE
Language code of text/sound track or separate title spa
082 ## - DEWEY DECIMAL CLASSIFICATION NUMBER
Classification number 697.93
Item number M63
-- 2016
100 1# - MAIN ENTRY--PERSONAL NAME
9 (RLIN) 523
Personal name Miranda Barreras, Ángel L.
245 1# - TITLE STATEMENT
Title Técnicas de climatización /
Statement of responsibility, etc. Ángel L. Miranda Barreras
250 ## - EDITION STATEMENT
Edition statement 4a ed.
260 ## - PUBLICATION, DISTRIBUTION, ETC.
Place of publication, distribution, etc. s.l. :
Name of publisher, distributor, etc. Marcombo, ediciones técnicas;
Date of publication, distribution, etc. 2016
300 ## - PHYSICAL DESCRIPTION
Extent xv, 216 p. :
Other physical details diagrs.,
Dimensions 24 cm.
440 ## - SERIES STATEMENT/ADDED ENTRY--TITLE
9 (RLIN) 524
Title Colección técnicas de climatización
650 14 - SUBJECT ADDED ENTRY--TOPICAL TERM
9 (RLIN) 53
Topical term or geographic name entry element Aire acondicionado
Form subdivision Manuales, etc.
650 24 - SUBJECT ADDED ENTRY--TOPICAL TERM
9 (RLIN) 407
Topical term or geographic name entry element Sistemas de climatización
650 24 - SUBJECT ADDED ENTRY--TOPICAL TERM
9 (RLIN) 525
Topical term or geographic name entry element Sistemas de refrigeración
910 ## - USER-OPTION DATA (OCLC)
-- hfp
-- hfp
942 ## - ADDED ENTRY ELEMENTS (KOHA)
Source of classification or shelving scheme Dewey Decimal Classification
Koha item type Libros
Edition 2016
Classification part 697.93
Item part M63
Existencias
Fecha de la última vez que lo usaron Número de ingreso o de inventario Pago total Signatura topográfica completa Precio efectivo desde Tipo de documento Estado perdido Sistema de clasificación Estado dañado No es para préstamo Retirado Ubicación permanente Ubicación actual Fecha de adquisición
25/01/2023 16413   697.93/M63/2016 25/01/2023 Libros   Dewey Decimal Classification       Biblioteca Central Lima Biblioteca Central Lima 25/01/2023